MARC

LEADER 00000nam0a2200000 4500
001 94870
005 20231031105827.0
020 |a RU  |b 82-2602 
035 |a (RuTPU)RU\TPU\book\101621 
090 |a 94870 
100 |a 20060417d1981 k a0rusy5003 ca 
101 0 |a rus 
102 |a RU 
105 |a a z 001zy 
200 1 |a Защита воздушного бассейна от промышленных выбросов  |f З. И. Константинова 
210 |a Москва  |c Стройиздат  |d 1981 
215 |a 104 с.  |c ил. 
225 1 |a Охрана окружающей среды 
320 |a Библиогр.: с. 101-103 
610 1 |a окружающая среда 
610 1 |a охрана 
610 1 |a промышленные предприятия 
610 1 |a концентрация 
610 1 |a вентиляция 
610 1 |a газы 
610 1 |a очистка 
610 1 |a нормативы 
610 1 |a воздушная среда 
610 1 |a атмосфера 
675 |a 628.52/.53  |z rus 
700 1 |a Константинова  |b З. И.  |g Зинаида Ивановна  |4 070 
801 0 |a RU  |b RuMRKP  |c 19950704  |g psbo 
801 1 |a RU  |b 63413507  |c 20060417  |g PSBO 
801 2 |a RU  |b 63413507  |c 20060418  |g PSBO 
942 |c BK